00385nam a2200133Ia 4500008004100000082001500041100001600056245002400072260001800096600001500114942000700129952009800136999001700234241002s9999 xx 000 0 und d a808.85 KAY aKayani, M.R 0aNot the Whole Truth aLahore:c1967 aLiterature cUC 00104070aUITUbUITUd1994-01-01l0o808.85 KAYpUC481r2024-10-02 09:31:21w2024-10-02yUC c18808d18808